| 000 | 00333nam a2200121Ia 4500 | ||
|---|---|---|---|
| 008 | 210430s9999 xx 000 0 und d | ||
| 082 | _a531 G617 C | ||
| 100 |
_aHerbert Goldstein _920350 |
||
| 245 |
_aClassical Mechanics _cHerbert Goldstein |
||
| 260 |
_aLahore _bNational Book Foundation _c1962 |
||
| 300 | _a638p | ||
| 942 |
_cBK _2ddc |
||
| 999 |
_c561491 _d561491 |
||